000 00833nab a2200253 u 4500
001 14876
003 HDC
007 cr bn ---aaaaa
008 210216c mydr|nes 0 a may d
040 _aHDC
100 _aSiti Nurazlinee Azmi
_eauthor
_98263
245 0 _aMcDonald's lahirkan ramai francaisi Bumiputera /
_cby Siti Nurazlinee Azmi
260 _aMalaysia:
_bBerita Harian,
_c2014
336 _atext
_2rdacontent
337 _acomputer
_2rdamedia
338 _aonline resource
_2rdacarrier
650 _afast food
_92040
650 _afranchise
_98494
710 _aBerita Harian
856 _zRequest full-text at [email protected]
942 _2lcc
942 _cNEWS
942 _kNSWC 004740
999 _c12192
_d12192